000
00239nam a2200097Ia 4500
005
20250424112908.0
008
250424s9999 xx 000 0 und d
300
_a
xxii, 318 p. ; 22 cm.
650
_a
Law--Nigeria--Periodicals.
942
_c
SR
999
_c
37746
_d
37746